[Event "ARG-ch sf 94th"]
[Site "Buenos Aires"]
[Date "2019.04.05"]
[Round "7"]
[White "Geslin, Ezequiel"]
[Black "Nadal, Alan"]
[Result "1/2-1/2"]
[WhiteElo "2015"]
[BlackElo "1828"]
[PlyCount "28"]
[EventDate "2019.03.30"]
[EventType "swiss"]
[EventRounds "9"]
[EventCountry "ARG"]
[SourceTitle "CBM 189 Extra"]
[Source "ChessBase"]
[SourceDate "2019.06.03"]
[SourceVersion "1"]
[SourceVersionDate "2019.06.03"]
[SourceQuality "1"]

1. e4 d6 2. d4 Nf6 3. Bd3 g6 4. Nf3 Bg7 5. 0-0 c6 6. c3 0-0 7. Re1 Qc7 8. Na3 e5 9. Nc4 Re8 10. a4 Nbd7 11. dxe5 Nxe5 12. Nfxe5 dxe5 13. Qc2 Be6 14. Bg5 h6 1/2-1/2

[Event "ARG-ch sf 94th"]
[Site "Buenos Aires"]
[Date "2019.04.01"]
[Round "3"]
[White "Penafiel, Horacio"]
[Black "Geslin, Ezequiel"]
[Result "1-0"]
[WhiteElo "2193"]
[BlackElo "2015"]
[PlyCount "132"]
[EventDate "2019.03.30"]
[EventType "swiss"]
[EventRounds "9"]
[EventCountry "ARG"]
[SourceTitle "CBM 189 Extra"]
[Source "ChessBase"]
[SourceDate "2019.06.03"]
[SourceVersion "1"]
[SourceVersionDate "2019.06.03"]
[SourceQuality "1"]

1. d4 d5 2. c4 e6 3. Nc3 Nf6 4. cxd5 exd5 5. Bg5 Be7 6. e3 c6 7. Bd3 0-0 8. Qc2 Nbd7 9. Nf3 Re8 10. 0-0 Nf8 11. h3 Ne4 12. Bf4 Bd6 13. Nxe4 Bxf4 14. exf4 dxe4 15. Bxe4 Be6 16. f5 Bd5 17. Rfe1 f6 18. Bxd5+ Qxd5 19. Qb3 Qxb3 20. axb3 a6 21. Rad1 Nd7 22. d5 Rxe1+ 23. Nxe1 cxd5 24. Rxd5 Ne5 25. f4 Nc6 26. Rd7 Re8 27. Nd3 Re7 28. Rxe7 Nxe7 29. g4 Kf7 30. Kf2 b6 31. Ke3 Nc6 32. Ke4 Ke7 33. Kd5 Kd7 34. h4 Ne7+ 35. Ke4 Kd6 36. Nb4 a5 37. Nc2 Nc6 38. g5 Kc5 39. Ne3 Ne7 40. Nf1 Kb4 41. Nd2 b5 42. h5 h6 43. g6 a4 44. bxa4 bxa4 45. Kd3 Nxf5 46. Ne4 Kb3 47. Nc5+ Kb4 48. Ne4 Kb5 49. Kc3 Ka5 50. Kc4 Ne3+ 51. Kd4 Nd1 52. Nxf6 Kb4 53. Ne4 Nxb2 54. f5 a3 55. Nc3 Na4 56. f6 Nc5 57. Na2+ Kb5 58. f7 Kc6 59. Nb4+ Kb5 60. Kd5 Nd7 61. Na2 Ka4 62. Kd6 Nf6 63. Ke7 Kb3 64. Kf8 Kxa2 65. Kxg7 Kb1 66. f8Q a2 1-0

[Event "Buenos Aires La Porta Cup"]
[Site "Buenos Aires"]
[Date "2019.03.29"]
[Round "9"]
[White "Geslin, Ezequiel"]
[Black "Abregu, Miguel"]
[Result "1-0"]
[WhiteElo "2015"]
[BlackElo "2251"]
[PlyCount "98"]
[EventDate "2019.03.20"]
[EventType "swiss"]
[EventRounds "9"]
[EventCountry "ARG"]
[SourceTitle "CBM 189 Extra"]
[Source "ChessBase"]
[SourceDate "2019.06.03"]
[SourceVersion "1"]
[SourceVersionDate "2019.06.03"]
[SourceQuality "1"]

1. e4 c5 2. c3 d5 3. exd5 Qxd5 4. d4 a6 5. Nf3 Nf6 6. Be2 Bg4 7. Be3 cxd4 8. cxd4 e6 9. Nc3 Qa5 10. 0-0 Nc6 11. a3 Be7 12. Qb3 Qc7 13. Bf4 Qxf4 14. Qxb7 0-0 15. Qxc6 Rac8 16. Qxa6 Rb8 17. g3 Qh6 18. Ne5 Bh3 19. Rfb1 Ra8 20. Qb7 Rfe8 21. Qf3 Bd6 22. Qe3 Qxe3 23. fxe3 Rec8 24. Nc4 Bc7 25. b4 Bg4 26. Rc1 Rab8 27. Bxg4 Nxg4 28. Ne4 Re8 29. Rc3 Rbd8 30. h3 Nf6 31. Nxf6+ gxf6 32. Kf2 h5 33. b5 Rd5 34. b6 Rf5+ 35. Kg2 Bb8 36. e4 Rg5 37. h4 Rg4 38. a4 Rxe4 39. a5 Rxd4 40. a6 Rd7 41. a7 Bxa7 42. bxa7 Ra8 43. Rca3 Rb7 44. Ra6 Kg7 45. Nb6 Raxa7 46. Rxa7 Rxb6 47. R1a2 f5 48. Rc2 Rb8 49. Rcc7 Rf8 1-0

[Event "ARG-ch U18"]
[Site "Buenos Aires"]
[Date "2019.03.02"]
[Round "4.3"]
[White "Silva, Lucas"]
[Black "Geslin, Ezequiel"]
[Result "0-1"]
[WhiteElo "2101"]
[BlackElo "2015"]
[PlyCount "50"]
[EventDate "2019.03.01"]
[EventType "swiss"]
[EventRounds "9"]
[EventCountry "ARG"]
[SourceTitle "EXT 2024"]
[Source "ChessBase"]
[SourceDate "2023.10.10"]
[SourceVersion "1"]
[SourceVersionDate "2023.10.10"]
[SourceQuality "1"]

1. d4 Nf6 2. c4 c6 3. Nc3 d5 4. cxd5 cxd5 5. Bf4 Nc6 6. e3 a6 7. Bd3 g6 8. Nf3 Bg7 9. 0-0 0-0 10. h3 Nh5 11. Bh2 f5 12. Rc1 e6 13. Ne5 f4 14. Nxc6 bxc6 15. Be2 fxe3 16. fxe3 Rxf1+ 17. Kxf1 Qf6+ 18. Bf3 Bd7 19. Be5 Qg5 20. Bxg7 Ng3+ 21. Kf2 Kxg7 22. Ne2 Nf5 23. Qd3 Rf8 24. Rc3 Nh4 25. Ng1 Qxg2+ 0-1

[Event "ARG-chT"]
[Site "Villa Martelli"]
[Date "2018.09.01"]
[Round "9.2"]
[White "Tempone, Marcelo"]
[Black "Geslin, Ezequiel"]
[Result "1-0"]
[WhiteElo "2382"]
[BlackElo "1913"]
[PlyCount "141"]
[EventDate "2018.07.07"]
[EventType "team-swiss"]
[EventRounds "9"]
[EventCountry "ARG"]
[SourceTitle "CBM 187 Extra"]
[Source "ChessBase"]
[SourceDate "2018.11.04"]
[SourceVersion "1"]
[SourceVersionDate "2018.11.04"]
[SourceQuality "1"]
[WhiteTeam "Centro Univ CUV"]
[BlackTeam "Ventajedrez Plastigal"]
[WhiteTeamCountry "ARG"]
[BlackTeamCountry "ARG"]

1. d4 Nf6 2. Nf3 d5 3. c4 c6 4. e3 e6 5. Nbd2 Be7 6. Bd3 dxc4 7. Nxc4 c5 8. 0-0 Nc6 9. dxc5 Bxc5 10. a3 a5 11. b3 0-0 12. Bb2 Qe7 13. Qc2 h6 14. Rfd1 Rd8 15. Nce5 Nxe5 16. Nxe5 Bd7 17. Nxd7 Rxd7 18. Bxf6 Qxf6 19. Bh7+ Kh8 20. Qxc5 Kxh7 21. Rac1 Rxd1+ 22. Rxd1 Rd8 23. Rf1 Rd3 24. Qc4 Qc3 25. Qe4+ Kg8 26. Qxb7 Qxb3 27. Qa8+ Kh7 28. Qxa5 Qxa3 29. Qc7 f6 30. Qc6 Rd6 31. Qe4+ f5 32. Qf3 Qb3 33. h4 Qd5 34. Qf4 Rd7 35. h5 Qd6 36. Qf3 g6 37. hxg6+ Kxg6 38. Rc1 Kh7 39. Rc6 Qd1+ 40. Qxd1 Rxd1+ 41. Kh2 e5 42. Rf6 f4 43. exf4 exf4 44. Rxf4 Kg6 45. Kg3 Kg5 46. Rg4+ Kf5 47. f3 Ra1 48. Rb4 Ra5 49. Kh4 Ra2 50. Rg4 Ra1 51. Kh5 Ra6 52. Rb4 Ra2 53. g3 Rg2 54. Rf4+ Ke5 55. Kg4 h5+ 56. Kh3 Rf2 57. Rf8 Kd4 58. Kh4 Rh2+ 59. Kg5 Rh3 60. g4 hxg4 61. fxg4 Ke5 62. Re8+ Kd6 63. Kg6 Kd7 64. Re1 Rh8 65. g5 Rg8+ 66. Kf6 Rf8+ 67. Kg7 Rf2 68. g6 Kd8 69. Kg8 Kd7 70. g7 Kd8 71. Rh1 1-0

[Event "ARG-chT"]
[Site "Villa Martelli"]
[Date "2018.08.04"]
[Round "5.2"]
[White "Corrales Jimenez, Zenia"]
[Black "Geslin, Ezequiel"]
[Result "1/2-1/2"]
[WhiteElo "2192"]
[BlackElo "1913"]
[PlyCount "76"]
[EventDate "2018.07.07"]
[EventType "team-swiss"]
[EventRounds "9"]
[EventCountry "ARG"]
[SourceTitle "CBM 187 Extra"]
[Source "ChessBase"]
[SourceDate "2018.11.04"]
[SourceVersion "1"]
[SourceVersionDate "2018.11.04"]
[SourceQuality "1"]
[WhiteTeam "San Isidro"]
[BlackTeam "Ventajedrez Plastigal"]
[WhiteTeamCountry "ARG"]
[BlackTeamCountry "ARG"]

1. e4 e6 2. d4 d5 3. Bd3 c5 4. exd5 exd5 5. Nf3 Nf6 6. 0-0 Be7 7. dxc5 Bxc5 8. Re1+ Be6 9. Be3 Bxe3 10. Rxe3 0-0 11. Nbd2 Nc6 12. Nb3 Bg4 13. h3 Bh5 14. Qd2 Bxf3 15. Rxf3 Ne5 16. Rf4 Qc7 17. Rh4 Nxd3 18. Qxd3 Qe5 19. Rd4 Rfe8 20. Rd1 Qe2 21. Qxe2 Rxe2 22. R4d2 Rae8 23. Rxe2 Rxe2 24. Nd4 Re8 25. Kf1 Kf8 26. Nf5 g6 27. Ne3 Rc8 28. c3 Rc5 29. g4 Ke7 30. f4 Ke6 31. f5+ Ke5 32. Rd4 Ne4 33. Ke2 a6 34. h4 Rb5 35. Kf3 a5 36. fxg6 fxg6 37. Nxd5 Rxb2 38. Rxe4+ Kxd5 1/2-1/2

[Event "ARG-chT ART Semillero U21"]
[Site "Villa Martelli"]
[Date "2018.06.24"]
[Round "5.1"]
[White "Geslin, Ezequiel"]
[Black "Parisi, Thiago"]
[Result "0-1"]
[WhiteElo "1913"]
[BlackElo "1610"]
[PlyCount "100"]
[EventDate "2018.06.02"]
[EventType "team-swiss"]
[EventRounds "6"]
[EventCountry "ARG"]
[SourceTitle "EXT 2019"]
[Source "ChessBase"]
[SourceDate "2018.10.10"]
[SourceVersion "1"]
[SourceVersionDate "2018.10.10"]
[SourceQuality "1"]
[WhiteTeam "Torre Blanca U21"]
[BlackTeam "San Isidro U21"]
[WhiteTeamCountry "ARG"]
[BlackTeamCountry "ARG"]

1. d4 e6 2. c4 f5 3. Nf3 Nf6 4. g3 d5 5. Bg2 c6 6. 0-0 Be7 7. cxd5 exd5 8. Nc3 0-0 9. a4 Nbd7 10. Qc2 Ne4 11. Nd2 Ndf6 12. f3 Nxd2 13. Bxd2 Be6 14. Be3 a5 15. Bf2 Qe8 16. Qd3 Bd6 17. Rae1 Qg6 18. Qb1 Qh6 19. e4 fxe4 20. Qc1 Qxc1 21. Rxc1 exf3 22. Bxf3 Ng4 23. Bxg4 Bxg4 24. Be3 Rxf1+ 25. Rxf1 Rf8 26. Rxf8+ Kxf8 27. Kf2 Kf7 28. Bg5 Bc7 29. Ke3 Bd7 30. Bf4 Bxf4+ 31. Kxf4 Kf6 32. h4 h6 33. g4 g5+ 34. hxg5+ hxg5+ 35. Kf3 Ke7 36. Nd1 Kd6 37. Nf2 c5 38. Nh3 cxd4 39. Nxg5 Kc5 40. Nf7 Bxg4+ 41. Kxg4 Kb4 42. Kf3 Kxa4 43. Nd6 b6 44. Nc8 b5 45. Nd6 b4 46. Nb7 Kb3 47. Nxa5+ Kxb2 48. Nc6 Kc3 49. Nxb4 Kxb4 50. Ke2 Kc3 0-1

[Event "ARG-chT ART Semillero U21"]
[Site "Villa Martelli"]
[Date "2018.06.02"]
[Round "1.1"]
[White "Geslin, Ezequiel"]
[Black "Sasson, Maximiliano"]
[Result "0-1"]
[WhiteElo "1913"]
[BlackElo "2101"]
[PlyCount "60"]
[EventDate "2018.06.02"]
[EventType "team-swiss"]
[EventRounds "6"]
[EventCountry "ARG"]
[SourceTitle "EXT 2019"]
[Source "ChessBase"]
[SourceDate "2018.10.10"]
[SourceVersion "1"]
[SourceVersionDate "2018.10.10"]
[SourceQuality "1"]
[WhiteTeam "Torre Blanca U21"]
[BlackTeam "Club Argentino U21"]
[WhiteTeamCountry "ARG"]
[BlackTeamCountry "ARG"]

1. e4 e5 2. Nf3 Nc6 3. d4 exd4 4. Nxd4 Qf6 5. Be3 Bc5 6. c3 Nge7 7. Be2 d5 8. exd5 Nxd5 9. 0-0 0-0 10. Bc4 Nxe3 11. fxe3 Qg5 12. Qe2 Bg4 13. Qf2 Ne5 14. Nd2 Nxc4 15. Nxc4 Rae8 16. Rae1 Qd5 17. b3 c6 18. Qg3 Bc8 19. Rd1 Qe4 20. Rf4 Qd5 21. Rd2 Qh5 22. Rh4 Qg6 23. Qxg6 fxg6 24. Rf4 Rxf4 25. exf4 Re4 26. g3 b5 27. Ne5 b4 28. Nexc6 bxc3 29. Rc2 Rxd4 30. Rxc3 Rc4+ 0-1